000 00304nam a22001457a 4500
003 SGT
020 _a9789393702586
082 _a340
_bWIL
100 _aWILLIAMS GLANVILLE
245 _aLEARNING THE LAW
250 _a17
260 _aLONDON
_bTHOMPSON REUTERS
_c2020
300 _a289
942 _2ddc
_cBK
999 _c34098
_d34098